|
|
|
|
| LEADER |
01176cam a2200265 a 4500 |
| 001 |
12450984 |
| 003 |
GR-PaULI |
| 005 |
20190523093604.0 |
| 008 |
010625s2002 njua b 001 0 eng |
| 952 |
|
|
|0 0
|1 0
|2 ddc
|4 0
|6 005_133000000000000_DEI
|7 0
|9 232186
|a LISA
|b LISA
|c BSC
|d 2019-05-23
|i 15066
|l 0
|o 005.133 DEI
|p 025000262339
|r 2019-05-23 00:00:00
|t 1
|w 2019-05-23
|y BK15
|
| 999 |
|
|
|c 141030
|d 141030
|
| 020 |
|
|
|a 0130895601
|
| 020 |
|
|
|a 9780130895608
|
| 040 |
|
|
|a DLC
|b gre
|c DLC
|d DLC
|d GR-AiPI
|e AACR2
|
| 082 |
0 |
4 |
|a 005.133
|2 23
|
| 100 |
1 |
|
|a Deitel, Harvey M.,
|d 1945-
|e συγγραφέας.
|
| 245 |
1 |
0 |
|a Advanced Java 2 platform :
|b how to program /
|c H.M. Deitel, P.J. Deitel, S. Santry.
|
| 260 |
|
|
|a Upper Saddle River, NJ :
|b Prentice Hall,
|c c2002.
|
| 300 |
|
|
|a xxxviii, 1811 σ. :
|b εικ ;
|c 23 εκ.+
|e 1 CD-ROM (4 3/4 in.)
|
| 504 |
|
|
|a Περιλαμβάνει βιβλιογραφικές παραπομπές και ευρετήριο.
|
| 650 |
|
4 |
|a Java (Γλώσσα προγραμματισμού)
|9 1418
|
| 700 |
1 |
|
|a Deitel, Paul J.
|e συγγραφέας.
|
| 700 |
1 |
|
|a Santry, S.
|q (Sean)
|e συγγραφέας.
|
| 942 |
|
|
|2 ddc
|c BK15
|
| 998 |
|
|
|c ΛΟΥΚΟΠΟΥΛΟΥ
|d 2019-05
|